| 000 | 00000nam##2200000za#4500 |
| 001 | 9.679161 |
| 003 | CaOODSP |
| 005 | 20220107134005 |
| 007 | ta |
| 008 | 150407|1994||||xxc||||| f|0| 0 fre|d |
| 020 | |a0-662-98963-5 |
| 040 | |aCaOODSP|bfre |
| 043 | |an-cn--- |
| 086 | 1 |aH72-21/100-1994F |
| 110 | 2 |aCentre national d'information sur la violence dans la famille (Canada) |
| 245 | 13|aLa violence au sein des collectivités autochtones / |cpar Emma D. LaRocque. |
| 260 | |aOttawa - Ontario : |bSanté Canada. |c1994. |
| 300 | |aPp. 71-91 Références. ; |c28 cm. |
| 500 | |aReproduit du livre Sur le chemin de la guérison (N° de cat. Z1-1991/1-11-4F, ISBN 0-660-94275-5, signalé dans la Liste hebdomadaire 1993 n° 29 (le 23 juin 1993). |
| 563 | |aCouverture souple |
| 590 | |a94-14|b1994-04-08 |
| 691 | 07|aViolence familiale|2gcpds |
| 691 | 07|aAutochtones|2gcpds |
| 720 | 1 |aLaRocque, Emma D. |
| 775 | 08|tViolence in aboriginal communities / |w(CaOODSP)9.645491 |
| 776 | 0#|tLa violence au sein des collectivités autochtones / |w(CaOODSP)9.639673 |